Wheaton atlas for the middle school

Gespeichert in:
Bibliographische Detailangaben
Weitere Verfasser: Hawkes, L. R. (BerichterstatterIn)
Format: Karte Buch
Sprache:Englisch
Erschienen: Exeter Wheaton 1980
Ausgabe:2. ed., reprinted
Katalog:GEI:  Suchergebnis im Bibliothekskatalog
Schulbuchspezifische Eigenschaften:
Schlagworte:
Tags: Tag hinzufügen
Keine Tags, Fügen Sie den ersten Tag hinzu!
Hinzugefügt zu:27.04.2008
Geändert in:29.01.2001

MARC

LEADER 00000cem a2200000 c 4500
001 564458236
003 DE-627
005 20251129212820.0
007 au |u|||
008 080428s1980 xxk|||||| | | ||eng c
020 |a 0080228828  |9 0-08-022882-8 
035 |a (DE-627)564458236 
035 |a (DE-599)GBV564458236 
035 |a (OCoLC)837594382 
040 |a DE-627  |b ger  |c DE-627  |e rakwb 
041 |a eng 
044 |c XA-GB 
084 |a 30  |2 ssgn 
084 |a f2013:0532  |2 isced 
084 |a p2011:9  |2 isced 
245 0 0 |a Wheaton atlas for the middle school  |c ed. by L. R. Hawkes 
250 |a 2. ed., reprinted 
264 1 |a Exeter  |b Wheaton  |c 1980 
300 |a 42 S. 
336 |a kartografisches Bild  |b cri  |2 rdacontent 
337 |a ohne Hilfsmittel zu benutzen  |b n  |2 rdamedia 
338 |a Band  |b nc  |2 rdacarrier 
583 1 |a Archivierung prüfen  |c 20241027  |f DE-4165  |z 1  |2 pdager 
655 7 |a Atlas  |0 (DE-588)4143303-8  |0 (DE-627)105606529  |0 (DE-576)209725206  |2 gnd-content 
689 0 0 |D s  |0 (DE-588)4020219-7  |0 (DE-627)106318853  |0 (DE-576)208932437  |a Geografieunterricht  |2 gnd 
689 0 |5 (DE-627) 
689 1 0 |D g  |0 (DE-588)4022153-2  |0 (DE-627)104665513  |0 (DE-576)208942076  |a Großbritannien  |2 gnd 
689 1 |5 (DE-627) 
700 1 |a Hawkes, L. R.  |4 oth 
912 |a GBV_ILN_216 
912 |a ISIL_DE-Bs78 
912 |a SYSFLAG_1 
912 |a GBV_KXP 
935 |c kart 
951 |a BO 
980 |2 216  |1 01  |x 3708  |b 871694433  |c 00  |f --%%--  |d GB GA-51(2,80)  |e u  |j --%%--  |h 004.31.0051.0000.00.1980.002.  |y nsb  |z 30-01-01 
983 |2 216  |1 00  |x DE-Bs78  |8 00  |a l004 
983 |2 216  |1 00  |x DE-Bs78  |8 00  |a z505 
983 |2 216  |1 00  |x DE-Bs78  |8 00  |a dal 
983 |2 216  |1 00  |x DE-Bs78  |8 00  |a dsb 
984 |2 216  |1 01  |x 3708  |a BS78$12092428 
985 |2 216  |1 01  |x 3708  |a 85/2939 
995 |2 216  |1 01  |x 3708  |a 004.31.0051.0000.00.1980.002.